| 000 | 03120nam a2200241Ia 4500 | ||
|---|---|---|---|
| 005 | 20251215152045.0 | ||
| 008 | 250219s9999||||xx |||||||||||||| ||und|| | ||
| 100 | _aنجاي، كريم | ||
| 245 | 0 | _aواقع إستخدام التسويق الإلكتروني بالنوادي الجزائرية ودوره في جلب الموارد المالية : دراسة ميدانية على بعض نوادي الرابطة المحترفة الأولى لكرة القدم الجزائرية | |
| 260 |
_aالجزائر _c2023 |
||
| 300 |
_a302 و. _c30 سم. |
||
| 502 | _aالدكتوراه | ||
| 502 | _cمعهد التربية البدنية و الرياضية، جامعة الجزائر 3 | ||
| 520 | _aيكتسي التسويق الإلكتروني أهمية بالغة ومكانة مرموقة باعتباره أداة حديثة وفعالة تعتمد عليها الأندية الرياضية في تحسين أدائها المالي، بما يجلبه من أموال ضخمة يتم تحصيلها ثم صرفها لتنفيذ سياسة النادي وبرامجه، حيث أخذ بالنوادي الرياضية إلى واقع جديد، حيث لم تعد للنوادي التقليدية مكانا فيه، ونهدف من خلال هذه الدراسة إلى ابراز واقع استخدام التسويق الإلكتروني بالنوادي الجزائرية ودوره في جلب الموارد المالية، وذلك من خلال اجراء دراسة ميدانية على بعض نوادي الرابطة المحترفة الأولى لكرة القدم الجزائرية، ولتحقيق ذلك اعتمد الباحث على المنهج الوصفي مستخدما الاستبيان كأداة للدراسة بالتطبيق على عينة مقصودة بلغ عددها 40 إداريا من أندية كرة القدم المحترفة الأولى. وقد توصلت الدراسة إلى أن التسويق الإلكتروني يعتبر من أهم الأساليب الحديثة، التي أصبحت تعتمد عليها النوادي الرياضية كمصدر مهم من مصادر التمويل لأجل تعزيز مواردها المالية، ولذلك أصبحت جميع النوادي الرياضية الجزائرية المحترفة تسعى إلى توسيع مجال التسويق الإلكتروني لزيادة مصادر تمويلها. الكلمات المفتاحية: التسويق الالكتروني، التسويق الرياضي، النوادي الرياضية، التمويل الرياضي، الرابطة المحترفة الأول | ||
| 653 | _aالتسويق الالكتروني | ||
| 653 | _aالنوادي | ||
| 653 | _aتسيير الموارد المواردالبشرية و المنشآت الرياضية | ||
| 653 | _aكرة القدم | ||
| 700 | _aحداب، سليم | ||
| 710 | _aمعهد التربية البدنية و الرياضية، جامعة الجزائر 3 | ||
| 856 | _u https://dspace.univ-alger3.dz/jspui/handle/123456789/9476 | ||
| 942 | _cأطروحات | ||
| 999 |
_c15329 _d15329 |
||